LEADER 00805nam0-22002891i-450- 001 990006494810403321 005 20001010 035 $a000649481 035 $aFED01000649481 035 $a(Aleph)000649481FED01 035 $a000649481 100 $a20001010d--------km-y0itay50------ba 101 0 $aita 105 $ay-------001yy 200 1 $aSuffer the Future$ePolicy Choices in Southern Africa$fRobert I. Rotberg 210 $aCambridge$cHarvard University Press$d1980. 215 $aXVI, 311 p.$d22 cm 676 $a320.968 700 1$aRotberg,$bRobert I.$f<1935- >$033445 801 0$aIT$bUNINA$gRICA$2UNIMARC 901 $aBK 912 $a990006494810403321 952 $aXIV E 2053$b20891$fFSPBC 959 $aFSPBC 996 $aSuffer the Future$9654500 997 $aUNINA DB $aGEN01 LEADER 01641nam 2200505Ia 450 001 9910701132603321 005 20120104110343.0 035 $a(CKB)5470000002415723 035 $a(OCoLC)770340356 035 $a(EXLCZ)995470000002415723 100 $a20120104d2011 ua 0 101 0 $aeng 135 $aurcn||||||||| 181 $ctxt$2rdacontent 182 $cc$2rdamedia 183 $acr$2rdacarrier 200 10$a30 WS north base wind study$b[electronic resource] /$fMark Wheeler 210 1$aKennedy Space Center, Fla. :$cNational Aeronautics and Space Administration, Kennedy Space Center,$d[2011] 215 $a1 online resource (24 pages) $cb illustrations, maps 225 1 $aNASA/CR-2011-216301 300 $aTitle from title screen (viewed on Jan. 4, 2012). 300 $a"May 2011." 517 3 $aThirty Weather Squadron north base wind study 606 $aWind (meteorology)$2nasat 606 $aForecasting$2nasat 606 $aMeteorological charts$2nasat 606 $aMesoscale phenomena$2nasat 606 $aWind velocity$2nasat 606 $aWind measurement$2nasat 606 $aTime series analysis$2nasat 615 7$aWind (meteorology) 615 7$aForecasting. 615 7$aMeteorological charts. 615 7$aMesoscale phenomena. 615 7$aWind velocity. 615 7$aWind measurement. 615 7$aTime series analysis. 700 $aWheeler$b Mark$01419226 712 02$aJohn F. Kennedy Space Center. 801 0$bGPO 801 1$bGPO 906 $aBOOK 912 $a9910701132603321 996 $a30 WS north base wind study$93532976 997 $aUNINA